书目信息 |
| 题名: |
基础写作教程
|
|
| 作者: | 陈亚丽 主编 | |
| 分册: | ||
| 出版信息: | 北京 北京大学出版社 2008.07 |
|
| 页数: | 319页 | |
| 开本: | 21cm | |
| 丛书名: | 21世纪高师文科系列教材 | |
| 单 册: | ||
| 中图分类: | H152 | |
| 科图分类: | ||
| 主题词: | 写作--xie zuo--师范大学--教材 | |
| 电子资源: | ||
| ISBN: | 978-7-301-14031-4 | |
| 000 | 01076nam 2200265 450 | |
| 001 | 012009087078 | |
| 005 | 20090806114319.20 | |
| 010 | @a978-7-301-14031-4@dCNY22.00 | |
| 100 | @a20090806d2008 em y0chi0120 ea | |
| 101 | 0 | @achi |
| 102 | @aCN@b110000 | |
| 105 | @ay a 000yy | |
| 106 | @ar | |
| 200 | 1 | @a基础写作教程@Aji chu xie zuo jiao cheng@f陈亚丽主编@Fchen ya li zhu bian |
| 210 | @a北京@c北京大学出版社@d2008.07 | |
| 215 | @a319页@d21cm | |
| 225 | 2 | @a21世纪高师文科系列教材@A21 shi ji gao shi wen ke xi lie jiao cai |
| 320 | @a有书目 | |
| 330 | @a本书主要内容有第一章(写作理论的变迁)、第五章第三节(杂文)和第四节(学术论文);张大成撰写第二章(写作的基本能力)、第四章第一节(诗歌);李春颖撰写第三章(写作的基本流程)、第四章第三节(小说)、第四节(剧本);于袢撰写第四章第二节(散文)、第五章第一节(新闻)、第二节(社会评论)。 | |
| 410 | 0 | @12001 @a21世纪高师文科系列教材 |
| 606 | 0 | @a写作@Axie zuo@x师范大学@j教材 |
| 690 | @aH152@v4 | |
| 701 | 0 | @a陈亚丽@Achen ya li@4主编 |
| 801 | 0 | @aCN@bQSSK@c20090806 |
| 905 | @b750380-82@dH152@eC613@f3 | |
| 基础写作教程/陈亚丽主编.-北京:北京大学出版社,2008.07 |
| 319页;21cm.-(21世纪高师文科系列教材) |
| ISBN 978-7-301-14031-4:CNY22.00 |
| 本书主要内容有第一章(写作理论的变迁)、第五章第三节(杂文)和第四节(学术论文);张大成撰写第二章(写作的基本能力)、第四章第一节(诗歌);李春颖撰写第三章(写作的基本流程)、第四章第三节(小说)、第四节(剧本);于袢撰写第四章第二节(散文)、第五章第一节(新闻)、第二节(社会评论)。 |
| ● |
| 相关链接 |
|
|
|
正题名:基础写作教程
索取号:H152/C613
 
预约/预借
| 序号 | 登录号 | 条形码 | 馆藏地/架位号 | 状态 | 备注 |
| 1 | 750380 | 207503806 | 语言库209/209语言库 74排2列1层/ [索取号:H152/C613] | 在馆 | |
| 2 | 750381 | 207503815 | 语言库209/209语言库 74排2列1层/ [索取号:H152/C613] | 在馆 | |
| 3 | 750382 | 207503824 | 语言库209/209语言库 74排2列1层/ [索取号:H152/C613] | 在馆 |